| 000 | 005920000a22002290004500 | ||
|---|---|---|---|
| 003 | LK-CoMWRAF | ||
| 005 | 20240203134150.0 | ||
| 008 | 230817t1978 ||||| |||| 00| 0 eng d | ||
| 020 | _a0860370046 | ||
| 040 |
_aLK-CoMWRAF _dLK-CoMWRAF _eLK-CoMWRAF |
||
| 041 | _aeng | ||
| 082 |
_a297.577 _bLEM |
||
| 100 | _aLemu, B. Aisha | ||
| 245 | _aWomen in Islam | ||
| 260 |
_a[Leicester]; _bIslamic Council of Europe, _c1978 |
||
| 300 | _a51 p. | ||
| 650 | _aWomen, Muslim | ||
| 650 | _aFamilies -- Religious life | ||
| 650 | _a Islam -- Doctrines | ||
| 700 | _aHeeren, Fatima | ||
| 942 | _cBK | ||
| 999 |
_c1578 _d1578 |
||